000 00743nam a2200229Ia 4500
003 OSt
005 20220926021435.0
006 a|||||r|||| 00| 0
007 ta
008 220923b |||||||| |||| 00| 0 eng d
037 _cGeneral Book
040 _aRTL
_cRTL
_beng
041 _2eng
_aeng
082 _aV1N45,93:(Y15).N59r, J9.7/UN
110 _aUNITED NATIONS,ECONOMIC AND SOCIAL COUNCIL
245 0 _aCommission on the status of women
_b Report of the 13th session (19-27 March 1959).
260 _aNew York
_bUN
_c1959
300 _a23p. Suppl;7
_ccm.
700 _aUNITED NATIONS,ECONOMIC AND SOCIAL COUNCIL
942 _hV1N45,93:(Y15).N59r, J9.7/UN
_cGB
_2CC
999 _c636756
_d636756